000 01040nam a2200277Ia 4500
005 20220317001537.0
008 161108s2002 s ao g 000 0 s
020 _a9788475561240
082 0 4 _aR 520.03
_bN82
245 0 0 _aNuevo diccionario de astronomía
250 _a1a. edición
300 _a210 páginas
_bilustraciones, fotografías en color
_c23 cm
505 _aAstros -- Fenómenos cósmicos -- Proyectos astronáuticos -- Astrónomos que han cambiado nuestra idea del universo -- Protagonistas de la carrera espacial
534 _tTeach yourself instant reference: astronomy
650 1 4 _2LEMB
_aAstronomía
_vDiccionarios
650 1 4 _2LEMB
_aCosmología
_vDiccionarios
650 1 4 _2LEMB
_aCiencias del espacio
650 1 4 _2LEMB
_aUniverso
_vEnciclopedias
700 1 _aVilagrasa, Roser
_975456
942 _2ddc
_cBK
264 _aBarcelona
_bOcéano
_c2002
336 _atexto
_btxt
_2rdacontent
337 _asin mediación
_bn
_2rdamedia
338 _avolumen
_bnc
_2rdacarrier
040 _aCO-BoRNBP
_bspa
_erda
_cCO-BoRNBP
999 _c7308
_d7308